| 000 | 00633cam a22002411 4500 | ||
|---|---|---|---|
| 001 | 7913062 | ||
| 005 | 20180130035941.0 | ||
| 008 | 810920s1953 xx a 000 0 eng | ||
| 010 | _a 53008661 | ||
| 035 | _a(OCoLC)14670962 | ||
| 040 |
_aDLC _cDNLM _dOClW-H _dDLC |
||
| 041 | _aeng | ||
| 042 | _apremarc | ||
| 060 | 0 |
_aWO 300 _bM821r 1953 |
|
| 080 | _a615.781 | ||
| 082 | _a*617.96 | ||
| 082 | _a615.781 MOO | ||
| 100 | 1 | _a6 | |
| 101 | _aANE | ||
| 245 | 1 | 0 | _aRegional block; a handbook for use in the clinical practice of medicine and surgery. |
| 906 |
_a7 _bcbc _coclcrpl _du _encip _f19 _gy-gencatlg |
||
| 942 |
_2ddc _cBK |
||
| 999 |
_c41240 _d41240 |
||